Disney paroles - Mon Frère Ours (Frère des Ours) - Statistiques

Statistiques générales
  • Ce quiz a été pris 95 fois
  • Le résultat moyen est 87 sur 119
Statistiques - réponses
Réponse % Correct
a
95%
à
95%
d'
93%
j'
93%
je
90%
Je
90%
L'
90%
90%
ou
90%
ours
88%
ai
86%
frère
86%
mon
86%
Mon
86%
n'
86%
que
86%
t'
86%
et
83%
le
83%
me
83%
ce
79%
De
79%
en
76%
qui
76%
vais
76%
ma
74%
ne
74%
pas
74%
y
74%
Y'
74%
est
71%
les
71%
peux
71%
tout
71%
faire
69%
mais
69%
pour
69%
cru
67%
déçu
67%
moi
67%
plus
67%
rien
67%
as
64%
blesse
64%
changera
64%
dire
64%
donnerais
64%
pouvoir
64%
quelqu'un
64%
avenir
62%
bon
62%
cauchemar
62%
crois
62%
ferais
62%
issue
62%
ni
62%
vois
62%
chemin
60%
espoir
60%
Partout
60%
aucune
57%
cacher
57%
choses
57%
peine
57%
toutes
57%
comment
55%
compté
55%
libérer
55%
sur
55%
trouver
55%
effacer
52%
honte
52%
ignore
52%
jour
52%
qu'un
48%
prie
43%
revienne
40%
cachées
38%
Aucun quiz correspondant
Distribution des résultats
% des personnes avec chaque résultat
Percentile par nombre de réponses
Votre historique - résultats
Vous n’avez pas pris ce quiz